US Trivia: Groups of 5 - Statistics

General Stats
  • This quiz has been taken 2,120 times
  • The average score is 23 of 40
Answer Stats
Hint Answer % Correct
The Great Lakes of North America Michigan
94%
The Great Lakes of North America Erie
93%
Boroughs of New York City Manhattan
91%
The Great Lakes of North America Superior
89%
Boroughs of New York City The Bronx
88%
US States That Achieved Statehood During the 20th Century Alaska
86%
Boroughs of New York City Brooklyn
86%
US States That Achieved Statehood During the 20th Century Hawaii
86%
Boroughs of New York City Queens
86%
The Great Lakes of North America Huron
85%
The Great Lakes of North America Ontario
85%
US Presidents During the Vietnam War Richard Nixon
81%
US Presidents During the Vietnam War John F. Kennedy
79%
Boroughs of New York City Staten Island
76%
US Presidents During the Vietnam War Lyndon B. Johnson
72%
Border States During the US Civil War Kentucky
67%
Border States During the US Civil War Maryland
65%
US Presidents During the Vietnam War Dwight D. Eisenhower
64%
US States That Achieved Statehood During the 20th Century Arizona
62%
US States That Achieved Statehood During the 20th Century New Mexico
62%
US Presidents During the Vietnam War Harry S. Truman
61%
Border States During the US Civil War West Virginia
59%
US Space Shuttles That Flew in Space Challenger
56%
Border States During the US Civil War Missouri
55%
Kings & Queens Who Had US States Named After Them Queen Elizabeth I (Virginia & West Virginia)
55%
Kings & Queens Who Had US States Named After Them King Louis XIV (Louisiana)
54%
Kings & Queens Who Had US States Named After Them King George II (Georgia)
51%
Border States During the US Civil War Delaware
45%
US States That Achieved Statehood During the 20th Century Oklahoma
45%
The "Five Civilized Tribes" of the Southeast US Cherokee
44%
US Space Shuttles That Flew in Space Columbia
38%
US Space Shuttles That Flew in Space Discovery
31%
US Space Shuttles That Flew in Space Endeavour
29%
The "Five Civilized Tribes" of the Southeast US Seminole
29%
Kings & Queens Who Had US States Named After Them King Charles I (North & South Carolina)
27%
US Space Shuttles That Flew in Space Atlantis
21%
The "Five Civilized Tribes" of the Southeast US Creek (Muscogee)
12%
The "Five Civilized Tribes" of the Southeast US Choctaw
10%
The "Five Civilized Tribes" of the Southeast US Chickasaw
6%
Kings & Queens Who Had US States Named After Them Queen Henrietta Maria (Maryland)
4%
No matching quizzes found
Score Distribution
Percent of People with Each Score
Percentile by Number Answered
Your Score History
You have not taken this quiz